| 000 -ლიდერი |
| ფიქსირებული სიგრძის საკონტროლო ველი |
01566nam a22002417a 4500 |
| 003 - საკონტროლო ნომრის იდენტიფიკატორი |
| საკონტროლო ველი |
Ge_BSU |
| 005 - ბოლო ოპერაციის თარიღი და დრო |
| საკონტროლო ველი |
20230224102814.0 |
| 008 - ფიქსირებული სიგრძის მონაცემთა ელემენტები - ზოგადი ინფორმაცია |
| ფიქსირებული სიგრძის საკონტროლო ველი |
230224s2016 ge ||||| |||| 00| 0 geo d |
| 041 ## - ენის კოდი |
| Language code of text/sound track or separate title |
geo |
| 080 ## - უნივერსალური ათობითი კლასიფიკაციის ინდექსი |
| Universal Decimal Classification number |
343.611–055.2(479.22)+364.63-055.2(479.22) დ-30 |
| 100 ## - მთავარი ჩანაწერი - პიროვნების სახელი |
| Personal name |
დეკანოსიძე, თამარ |
| 9 (RLIN) |
6355 |
| 245 ## - ცნობა სათაურის შესახებ |
| Title |
ფემიციდის საქმეების განაჩენები, 2014 / |
| Statement of responsibility, etc |
ავტ. თამარ დეკანოსიძე ; რედ. ხათუნა ყვირალაშვილი; საქ. ახალგაზრდა იურისტთა ასოციაცია. |
| 264 ## - წარმოების, გამოცემის, დისტრიბუციის და სხვა ცნობები |
| გამოცემის, წარმოების, დისტრიბუციის... ადგილი |
თბილისი : |
| გამოცემის, წარმოების, დისტრიბუციის... სახელწოდება |
საია, |
| გამოცემის, წარმოების, დისტრიბუციის... თარიღი |
2016. |
| 300 ## - ფიზიკური აღწერა |
| Extent |
84 გვ. : |
| Other physical details |
ცხრ. ; |
| Dimensions |
21 სმ. |
| 500 ## - ზოგადი შენიშვნა |
| General note |
ავტორი მითითებულია თავფურცლის მე–2 გვ. |
| 504 ## - BIBLIOGRAPHY, ETC. NOTE |
| Bibliography, etc |
ბიბლიოგრ. ტექსტის შენიშვნებში. |
| 653 ## - INDEX TERM--UNCONTROLLED |
| Uncontrolled term |
გენდერული დანაშაული საქართველოში |
| 653 ## - INDEX TERM--UNCONTROLLED |
| Uncontrolled term |
ქალთა მკვლელობები საქართველოში |
| 653 ## - INDEX TERM--UNCONTROLLED |
| Uncontrolled term |
ძალადობა ქალთა მიმართ საქართველოში |
| 700 ## - ADDED ENTRY--PERSONAL NAME |
| Personal name |
ყვირალაშვილი, ხათუნა |
| Relator term |
რედაქტორი |
| 9 (RLIN) |
17020 |
| 710 ## - ADDED ENTRY--CORPORATE NAME |
| Corporate name or jurisdiction name as entry element |
საქ. ახალგაზრდა იურისტთა ასოციაცია. |
| 9 (RLIN) |
17021 |
| 942 ## - ADDED ENTRY ELEMENTS (KOHA) |
| Source of classification or shelving scheme |
|
| Koha item type |
წიგნი |